000
00289nam a22001337a 4500
008
171220b xxu||||| |||| 00| 0 eng d
020
_a
9780072388770
041
_a
eng
080
_2
3 ED
_a
611
100
_a
7
101
_a
ANA
245
_a
HUMAN ANATOMY
_c
FERAR.W.W
942
_2
udc
_c
BK
999
_c
39241
_d
39241